Sports Quiz

Random Sports or Football Quiz

Click the NFL Divisions Quiz Stats

Quiz Updated Oct 16, 2017

Also try: NFL Teams on a Map
Challenge
Share
Tweet
Score 0/8 Timer 01:00
0 Plays Today
% Correct
AFC South
81.8%
NFC North
81.2%
AFC East
80.5%
NFC East
80.2%
AFC West
79.9%
NFC West
79.9%
NFC South
78.6%
AFC North
72.7%

You're not logged in!

Compare scores with friends on all Sporcle quizzes.
Sign Up with Email
OR
Log In

You Might Also Like...

Show Comments

Extras

Top Quizzes Today


Score Distribution

Your Account Isn't Verified!

In order to create a playlist on Sporcle, you need to verify the email address you used during registration. Go to your Sporcle Settings to finish the process.